[Event "147 Stay Safe Play From Home series"]
[Site "T#646013Emanuel Laske"]
[Date "2020.05.13"]
[Round "2"]
[White "Haris kollari 13"]
[Black "Little champs"]
[Result "0-1"]
[WhiteElo "1981"]
[BlackElo "2188"]
[Annotator "TA"]
[PlyCount "102"]
[EventDate "2020.05.13"]
[EventType "swiss (blitz)"]

{[%evp 12,102,38,32,36,4,4,-61,-46,-57,-45,-52,-2,-6,-6,-6,0,-10,0,-73,-76,-114,-43,-143,0,0,19,-70,0,0,69,68,136,104,108,74,162,147,154,91,111,0,47,39,123,0,0,-200,-181,-175,225,212,188,0,22,0,121,30,94,42,43,0,0,0,104,0,0,0,129,143,234,-115,0,-276,-277,-268,-262,-408,-403,-393,-381,-351,-180,-610,-614,-602,-597,-811,-801,-700,-645,-495,0]} 1. e4 c6 2. Nf3 d5 3. exd5 cxd5 4. d4 Nc6 5. Bf4 Nf6 6. c3 g6 7. Bd3 Bg7 {B13: Caro-Kann: Exchange Variation and Panov-Botvinnik Attack.} 8. Qd2 O-O 9. Bh6 (9. O-O $11) 9... Bg4 $15 {[#] Black is slightly better.} 10. Bxg7 $146 ({Predecessor:} 10. h4 Re8 11. Nh2 e5 12. Nxg4 exd4+ 13. Kd1 Nxg4 {0-1 (13) Callsen Bracker,W-Syperek,S Hamburg 1993}) 10... Kxg7 11. Ne5 Be6 12. Na3 Nxe5 13. dxe5 Nd7 14. f4 Qb6 15. O-O-O (15. Nb5 $11) 15... d4 $1 $17 {[%cal Rd4c3]} 16. c4 Rac8 (16... Nc5 $17 17. h3 Rac8) 17. b3 (17. Be2 $15) 17... Qc5 (17... Bg4 $17 18. Rdf1 Nc5) 18. Kb2 $11 a6 19. Rc1 ({Better is} 19. Be2 $11) 19... f6 (19... Qb6 $15) 20. exf6+ Nxf6 (20... Rxf6 $11 21. Rhe1 Qb6) 21. Rhe1 $14 Rc6 (21... Bf7 $14) 22. b4 Qd6 23. g3 Rc7 (23... b6 $16) 24. c5 $1 $18 {[%cal Rc5d6]} Qd7 25. Bc4 (25. Nc4 $142) 25... Bf5 26. Re5 (26. Rcd1 $1 $16) 26... Ne4 27. Qe1 (27. Qe2 $5 {[%cal Re5e4]} Nc3 28. Qe1 $11) 27... Nc3 (27... d3 $1 $14 28. Rxe4 d2 {[%mdl 64] Double Attack} 29. Rxe7+ Qxe7 30. Qxd2 Qf6+ 31. Qc3 Rd8) 28. Qd2 (28. Nc2 $16) 28... a5 29. b5 $2 (29. bxa5 $11 Rxc5 {[%mdl 64] Decoy} 30. Rxc5 Na4+ {[%mdl 64] Double Attack} 31. Ka1 Nxc5 32. Bb5) 29... Na4+ $19 30. Ka1 Nxc5 $4 {[%mdl 8192]} (30... Rxc5 $19 {and all is fine. Strongly threatening ...Qd6.} 31. Qe1 Qd6 32. Rxe7+ Kh8) 31. Rd5 $18 {[%mdl 64] Double Attack} Qc8 32. Rxd4 $2 ({White must play} 32. Qxd4+ $18 Kh6 33. h3 $1 {[%mdl 512]}) 32... Ne6 33. Rd5 Rc5 (33... Rd8 $11) 34. Qc3+ (34. Rd7 $16 {And now g4 would win.} Re8 35. h3 Nxf4 36. Qd4+ Kh6 37. Rxb7 $1 {[%mdl 512]} (37. Qxf4+ g5 $17)) 34... Kh6 (34... Rf6 $1 $11) 35. Rxc5 ({White should play} 35. Qe3 $16) 35... Nxc5 $14 36. Qxa5 Nd3 $36 {[%mdl 2048] Black has the initiative.} 37. Rc3 Nf2 {[#]} (37... Nc5 $1 $11 38. Rc1 Nd3) 38. Qb4 (38. Bb3 $1 $16 Qd7 39. Rc4) 38... Qd7 $11 {Threatens to win with ...Qd1+.} 39. Bb3 Ne4 (39... Ra8 $11 {remains equal.} 40. Bc2 Bxc2 41. Nxc2 Qd1+ 42. Qb1 Qd2) 40. Re3 $16 {Black must now prevent g4.} Nf6 (40... Nd2 $16 {is a better defense.}) 41. Nc2 $2 (41. Rxe7 $18 Qd8 42. Rxb7) 41... Rc8 (41... Qd1+ $17 42. Kb2 Nd5) 42. Kb2 $2 {[%mdl 8192]} (42. Na3 $1 $11) 42... Nd5 $19 {[%mdl 64] Double Attack} 43. Qd4 Nxe3 44. Qxe3 (44. Qxd7 {was the only defense.} Bxd7 45. Nxe3) 44... Bxc2 45. Bxc2 Qxb5+ {[%mdl 4096] Endgame KQR-KQB} 46. Bb3 {next f5+ is good for White.} Qf5 (46... Qc5 $142 47. Qxc5 Rxc5) 47. g4 $2 (47. Qxe7 Qf8 48. Qxf8+ Rxf8 49. Kc3) 47... Qxg4 {Black is clearly winning.} 48. Be6 Qg2+ {[%mdl 64] Double Attack} 49. Ka3 Ra8+ 50. Kb4 Qc6 51. Bb3 Kg7 $2 {[%mdl 32768] What a fight! Accuracy: White = 36%, Black = 43%. . Sensor Board Error (Ke4/e5)?} ({Black should try} 51... Qd6+ $19 52. Kc4 {[#]} b5+ $1 {[%mdl 512]} 53. Kc3 Rf8 54. f5+ Kg7) 0-1

[Event "147 Stay Safe Play From Home series"]
[Site "T#646013Emanuel Laske"]
[Date "2020.05.13"]
[Round "2"]
[White "Rolf03"]
[Black "Weltszmerc"]
[Result "0-1"]
[WhiteElo "1900"]
[BlackElo "2008"]
[PlyCount "20"]
[EventDate "2020.05.13"]
[EventType "swiss (blitz)"]

1. d4 {[%emt 0:00:04]} b6 {[%emt 0:00:01]} 2. e4 {[%emt 0:00:05]} Bb7 {[%emt 0:00:00]} 3. Nc3 {[%emt 0:00:05]} e6 {[%emt 0:00:01]} 4. Nf3 {[%emt 0:00:05]} Bb4 {[%emt 0:00:02]} 5. Bd3 {[%emt 0:00:06]} d5 {[%emt 0:00:04]} 6. O-O {[%emt 0:00:06]} Bxc3 {[%emt 0:00:03]} 7. bxc3 {[%emt 0:00:07]} dxe4 {[%emt 0:00:01]} 8. Bg5 {[%emt 0:00:05]} Nf6 {[%emt 0:00:11]} 9. Ne5 {[%emt 0:00:07]} exd3 {[%emt 0:00:02]} 10. cxd3 {[%emt 0:00:04]} Nbd7 {[%emt 0:00:06] Rolf03 gibt auf (Lag: Av=0.69s, max=1.2s)} 0-1

[Event "147 Stay Safe Play From Home series"]
[Site "T#646013Emanuel Laske"]
[Date "2020.05.13"]
[Round "2"]
[White "Greblah"]
[Black "rohit2007"]
[Result "1-0"]
[WhiteElo "1873"]
[BlackElo "2066"]
[Annotator "TA"]
[PlyCount "83"]
[EventDate "2020.05.13"]
[EventType "swiss (blitz)"]

{[%evp 9,83,13,16,0,3,0,0,0,0,-11,30,17,23,22,20,8,43,0,13,16,31,-10,29,22,32,20,27,19,58,18,40,42,768,771,891,885,876,868,893,867,1022,1010,1223,1028,1239,1127,1220,846,1463,1428,1398,1387,6479,1370,5489,1307,2801,1315,1591,1564,2664,2479,29977,29978,29976,29973,29977,29973,29980,29981,29992,29993,29993,29980,29998,29999]} 1. e4 c5 2. Nc3 e6 3. g3 d5 4. Bg2 dxe4 5. Nxe4 Be7 6. d3 {B23: Closed Sicilian: Lines without g3.} Nf6 7. Ne2 Nxe4 8. Bxe4 {The position is equal.} O-O 9. O-O Nd7 10. Nc3 Nf6 11. Bg2 Rb8 12. Bf4 Ra8 13. Nb5 a6 14. Nc3 {[#]} Nd5 $146 ({Predecessor:} 14... Bd6 15. Qd2 Rb8 16. Bxd6 Qxd6 17. Ne4 Nxe4 18. Bxe4 b6 19. Rad1 Rd8 20. Qe3 Bb7 21. Bxb7 Rxb7 22. Rfe1 Rbd7 {½-½ (44) Duru,I (1404)-Aydin,G (1753) Antalya 2018}) 15. Bd2 Nxc3 16. Bxc3 Bf6 17. Qd2 Bxc3 18. Qxc3 Qe7 19. Rfe1 Rb8 20. Qe5 $36 {[%mdl 2048] White has some pressure.} b5 $2 {[%mdl 8192] [#] Loses the game.} (20... Bd7 $14) 21. Qxb8 $18 c4 22. dxc4 bxc4 23. Rad1 {[%cal Ba1d1,Bd1d2,Bd2d6][%mdl 32]} a5 24. Rd2 Ba6 25. Qd6 Qa7 26. Red1 h6 27. Be4 h5 28. Qd7 Qb6 29. Rd6 Qxb2 30. Rxa6 h4 31. gxh4 Qe5 32. Bg2 c3 33. Qd6 Qe2 34. Qd3 Qe5 35. Rd6 a4 36. Rd8 {White mates.} Rxd8 37. Qxd8+ Kh7 38. Qd3+ g6 39. Qf3 f5 40. Rd7+ Kh6 41. Qe3+ f4 42. Qxe5 {Accuracy: White = 71%, Black = 54%.} 1-0

[Event "147 Stay Safe Play From Home series"]
[Site "T#646013Emanuel Laske"]
[Date "2020.05.13"]
[Round "2"]
[White "Tunca"]
[Black "Gibiz144"]
[Result "1-0"]
[WhiteElo "1705"]
[BlackElo "1619"]
[Annotator "NA"]
[PlyCount "53"]
[EventDate "2020.05.13"]
[EventType "swiss (blitz)"]

1. e4 {[%emt 0:00:09]} e6 {[%emt 0:00:00]} 2. d4 {[%emt 0:00:02]} b6 {[%emt 0:00:00]} 3. Nc3 {[%emt 0:00:07]} Bb7 {[%emt 0:00:00]} 4. f4 {[%emt 0:00:05]} d6 {[%emt 0:00:01]} 5. Nf3 {[%emt 0:00:12]} g6 {[%emt 0:00:01]} 6. Bd3 {[%emt 0:00:06]} Bg7 {[%emt 0:00:01]} 7. O-O {[%emt 0:00:01]} Ne7 {[%emt 0:00:01]} 8. Qe1 {[%emt 0:00:07]} O-O {[%emt 0:00:02]} 9. Qh4 {[%emt 0:00:01]} h6 {[%emt 0:00:01]} 10. f5 {[%emt 0:00:19]} Nec6 {[%emt 0:00:04]} 11. Qg3 {[%emt 0:00:50]} Nxd4 {[%emt 0:00:06]} 12. fxg6 {[%emt 0:00:02]} Nxf3+ {[%emt 0:00:03]} 13. Rxf3 {[%emt 0:00:02]} fxg6 {[%emt 0:00:02]} 14. Rxf8+ {[%emt 0:00:08]} Qxf8 {[%emt 0:00:01]} 15. Qxg6 {[%emt 0:00:01]} Qf6 {[%emt 0:00:11]} 16. Qe8+ {[%emt 0:00:09]} Qf8 {[%emt 0:00:05]} 17. Qh5 {[%emt 0:00:02]} Nd7 {[%emt 0:00:02]} 18. Be3 {[%emt 0:00:07]} Nf6 {[%emt 0:00:01]} 19. Qh4 {[%emt 0:00:00]} d5 {[%emt 0:00:13]} 20. Rf1 {[%emt 0:00:06]} dxe4 {[%emt 0:00:02]} 21. Nxe4 {[%emt 0:00:06]} Bxe4 {[%emt 0:00:02]} 22. Bxe4 {[%emt 0:00:01]} Re8 {[%emt 0:00:10]} 23. Bxh6 {[%emt 0:00:10]} Bxh6 {[%emt 0:00:04]} 24. Rxf6 {[%emt 0:00:02]} Be3+ {[%emt 0:00:35]} 25. Kh1 {[%emt 0:00:14]} Qxf6 {[%emt 0:00:58]} 26. Qxf6 {[%emt 0:00:02]} Rf8 {[%emt 0:00:01]} 27. Qg6+ {[%emt 0:00:08] Gibiz144 gibt auf (Lag: Av=0.59s, max=1.8s)} 1-0

[Event "147 Stay Safe Play From Home series"]
[Site "T#646013Emanuel Laske"]
[Date "2020.05.13"]
[Round "2"]
[White "Edmatuag"]
[Black "matanant"]
[Result "0-1"]
[WhiteElo "1690"]
[BlackElo "1720"]
[Annotator "NA"]
[PlyCount "90"]
[EventDate "2020.05.13"]
[EventType "swiss (blitz)"]

1. e4 {[%emt 0:00:02]} e5 {[%emt 0:00:01]} 2. Nf3 {[%emt 0:00:02]} d5 {[%emt 0:00:01]} 3. exd5 {[%emt 0:00:14]} e4 {[%emt 0:00:02]} 4. Qe2 {[%emt 0:00:09]} Nf6 {[%emt 0:00:02]} 5. c4 {[%emt 0:00:06]} Bc5 {[%emt 0:00:09]} 6. d4 {[%emt 0:00:08]} Bb4+ {[%emt 0:00:03]} 7. Bd2 {[%emt 0:00:08]} Bxd2+ {[%emt 0:00:03]} 8. Nfxd2 {[%emt 0:00:01]} O-O {[%emt 0:00:02]} 9. Nc3 {[%emt 0:00:06]} c6 {[%emt 0:00:06]} 10. dxc6 {[%emt 0:00:44]} Nxc6 {[%emt 0:00:02]} 11. O-O-O {[%emt 0:00:01]} Nxd4 {[%emt 0:00:02]} 12. Qe3 {[%emt 0:00:20]} Nf5 {[%emt 0:00:29]} 13. Qe1 {[%emt 0:00:16]} Re8 {[%emt 0:00:55]} 14. Ndxe4 {[%emt 0:00:19]} Qe7 {[%emt 0:00:20]} 15. Nxf6+ {[%emt 0:00:07]} gxf6 {[%emt 0:00:02]} 16. Qxe7 {[%emt 0:00:06]} Nxe7 {[%emt 0:00:02]} 17. Bd3 {[%emt 0:00:08]} Bf5 {[%emt 0:00:03]} 18. Rhe1 {[%emt 0:00:40]} Bg6 {[%emt 0:00:11]} 19. Kc2 {[%emt 0:00:09]} Nc6 {[%emt 0:00:01]} 20. a3 {[%emt 0:00:06]} Ne5 {[%emt 0:00:07]} 21. Be4 {[%emt 0:00:05]} Rac8 {[%emt 0:00:06]} 22. b3 {[%emt 0:00:02]} Kg7 {[%emt 0:00:10]} 23. f4 {[%emt 0:00:06]} Ng4 {[%emt 0:00:06]} 24. f5 {[%emt 0:00:03]} Rxe4 {[%emt 0:00:09]} 25. Nxe4 {[%emt 0:00:06]} Bxf5 {[%emt 0:00:01]} 26. h3 {[%emt 0:00:03]} Nf2 {[%emt 0:00:04]} 27. Rd4 {[%emt 0:00:03]} Re8 {[%emt 0:00:04]} 28. Kc3 {[%emt 0:00:06]} Nxe4+ {[%emt 0:00:03]} 29. Kb4 {[%emt 0:00:01]} b6 {[%emt 0:00:06]} 30. g4 {[%emt 0:00:01]} a5+ {[%emt 0:00:02]} 31. Kb5 {[%emt 0:00:06]} Bd7+ {[%emt 0:00:41]} 32. Rxd7 {[%emt 0:00:02]} Nc3+ {[%emt 0:00:02]} 33. Kxb6 {[%emt 0:00:01]} Rxe1 {[%emt 0:00:01]} 34. Kxa5 {[%emt 0:00:01]} Re3 {[%emt 0:00:14]} 35. b4 {[%emt 0:00:02]} Ne4 {[%emt 0:00:07]} 36. a4 {[%emt 0:00:03]} Rxh3 {[%emt 0:00:02]} 37. c5 {[%emt 0:00:04]} Ra3 {[%emt 0:00:02]} 38. c6 {[%emt 0:00:07]} Nc3 {[%emt 0:00:04]} 39. c7 {[%emt 0:00:01]} Rxa4+ {[%emt 0:00:01]} 40. Kb6 {[%emt 0:00:01]} Ra8 {[%emt 0:00:01]} 41. Kb7 {[%emt 0:00:01]} Ra4 {[%emt 0:00:05]} 42. c8=Q {[%emt 0:00:01]} Rxb4+ {[%emt 0:00:00]} 43. Ka6 {[%emt 0:00:01]} Ra4+ {[%emt 0:00:02]} 44. Kb6 {[%emt 0:00:01]} Rb4+ {[%emt 0:00:01]} 45. Ka5 {[%emt 0:00:01]} Na2 {[%emt 0:00:01] Time (Lag: Av=0.77s, max=1.3s)} 0-1

[Event "147 Stay Safe Play From Home series"]
[Site "T#646013Emanuel Laske"]
[Date "2020.05.13"]
[Round "3"]
[White "Little champs"]
[Black "Don59as"]
[Result "1-0"]
[WhiteElo "2196"]
[BlackElo "2040"]
[Annotator "TA"]
[PlyCount "111"]
[EventDate "2020.05.13"]
[EventType "swiss (blitz)"]

{[%evp 9,111,-29,-26,-35,-2,-24,-9,-26,0,0,0,-22,-22,-20,-23,-28,-23,-43,-20,-43,0,-6,0,-40,-37,-43,-15,-47,19,24,16,8,13,-20,65,-8,0,0,0,0,0,-156,-165,-166,-156,-157,-158,-208,-207,-198,-201,-202,-169,-211,-142,-183,-160,-160,-143,-196,-180,-213,-207,-210,-85,-144,-160,-544,-520,-608,-598,-738,-725,-824,-554,-773,-737,-29992,-29993,-29993,-206,-589,-590,-570,-557,-1065,-594,-1413,-1400,-29989,-29990,-29989,-29987,-4943,-1062,-29990,-29991,-29998,-29993,-29993,-29989,-29989,-29990,-29990]} 1. f4 d5 2. Nf3 g6 3. Nc3 Bg7 4. e3 Nf6 5. b3 O-O 6. Bb2 {A03: Bird's Opening with 1...d5.} b6 7. g3 Bb7 {[#]} 8. Bg2 $146 {The position is equal.} ({Predecessor:} 8. Ne2 c5 9. Bg2 Nbd7 10. c3 e5 11. fxe5 Ng4 12. e6 fxe6 13. Nf4 Qe7 14. O-O {0-1 (100) Tuzil,V (2205)-Gdovin,J (2102) Czechia 2010}) 8... Nbd7 9. O-O Ne4 10. Rb1 Nxc3 11. Bxc3 Bxc3 12. dxc3 e6 13. Ng5 h6 14. Nh3 Nc5 15. Nf2 Qe7 16. Re1 Rad8 17. Qd4 f6 18. b4 {[#]} e5 (18... Ne4 $1 $15 {[%mdl 512]}) 19. fxe5 $11 fxe5 20. Qg4 Qf6 21. Rf1 Na4 (21... Bc8 $11 22. Qe2 Na4) 22. Nd3 (22. b5 $1 $14 Nc5 23. Nd3) 22... Qg7 $36 {[%mdl 2048] Black has good play.} 23. Qe6+ Kh7 {And now ...Rde8 would win.} 24. Rxf8 Rxf8 25. Re1 $2 (25. Rf1 $11 Rxf1+ 26. Bxf1) 25... e4 $17 26. Nf4 Nxc3 27. h4 Qf6 28. h5 Qxe6 29. Nxe6 Rf6 30. hxg6+ Kxg6 31. Nf4+ Kh7 32. Kh2 a6 ({Not} 32... Nxa2 33. Ra1 $11) 33. a3 c5 34. bxc5 (34. g4 $17 {keeps fighting.}) 34... bxc5 $19 35. Bh3 d4 36. Bg4 Nd5 (36... a5 $19 37. Rf1 Ba6) 37. exd4 ({White should try} 37. Nxd5 Bxd5 38. exd4) 37... Nxf4 $17 38. dxc5 $2 (38. gxf4 $17 {is a better chance.} h5 39. Rb1) 38... Ng6 39. Kh3 Ne5 40. Rb1 Bc6 41. Be2 Nf3 42. Bxa6 Ng5+ 43. Kg2 e3+ 44. Kg1 Nh3+ (44... Rf2 $142 45. Rb7+ Kg6 46. Bd3+ Kf6 47. Rf7+ {[%mdl 64] Decoy} Kxf7 48. Bc4+ Kg7 49. Bf1 Nf3+ 50. Kh1 Rh2#) 45. Kh2 $19 Nf2 46. Be2 {[#]} h5 $1 47. Rb6 (47. Bxh5 Ne4) 47... Kh6 48. a4 Ng4+ 49. Kh3 Kg5 50. Rb8 Rf2 {[%csl Gg4][%cal Rf2h2]} 51. Rg8+ {[#]} Kf6 (51... Kh6 $142 $1 52. Rh8+ {[#]} Kg6 $1 {[%mdl 512]} 53. Bd3+ Kf6 54. Rf8+ Ke7 $1 {[%mdl 512]}) 52. Bxg4 hxg4+ {Black mates.} 53. Kxg4 e2 54. Rf8+ Ke7 55. Rxf2 e1=Q 56. Rf4 {[%mdl 32768] Accuracy: White = 46%, Black = 59%. . Loss on time!?} 1-0

[Event "147 Stay Safe Play From Home series"]
[Site "T#646013Emanuel Laske"]
[Date "2020.05.13"]
[Round "3"]
[White "Lazieri3"]
[Black "Tunca"]
[Result "1-0"]
[WhiteElo "2036"]
[BlackElo "1718"]
[Annotator "TA"]
[PlyCount "111"]
[EventDate "2020.05.13"]
[EventType "swiss (blitz)"]

{[%evp 9,111,-14,-6,-36,-29,-39,-43,-41,-40,-51,-4,-35,-31,-30,-25,-19,37,-57,-11,-12,0,-39,-39,-43,79,91,85,81,78,87,90,99,74,76,184,176,202,124,134,125,120,82,81,82,86,26,64,0,89,117,115,12,9,0,0,0,0,0,0,0,3,0,0,0,3,-136,150,147,147,142,254,252,277,132,980,1384,1614,1138,1477,1220,6346,6566,5421,5081,5077,4148,5077,3997,8054,7885,5835,4627,7037,7010,7026,6291,29996,29985,29985,29980,29984,29981,29985,29986]} 1. e4 Nf6 2. Nc3 e6 3. Nf3 Bb4 4. d3 d5 5. exd5 exd5 6. Bd2 {B02: Alekhine's Defence: Chase Variation and lines with early Nc3.} (6. a3 $5 {[%cal Ra3b4]} Bxc3+ 7. bxc3 $11) 6... O-O 7. a3 Re8+ 8. Be2 {Black is slightly better.} Bd6 9. O-O Bg4 {[#]} 10. Nd4 $146 ({Predecessor:} 10. Bg5 c6 11. Qd2 Nbd7 12. d4 Qc7 13. g3 h6 14. Bxf6 Nxf6 15. Bd3 Bxf3 16. Rfe1 Qd7 17. Re3 Qh3 18. Rxf3 Ng4 19. Kh1 Qxh2# {0-1 (19) Pena,M-Cardozo Munar,C (2118) Bogota 2015}) 10... Bxe2 11. Ncxe2 c5 12. Nf5 Bc7 ({Black should try} 12... Bf8 $11) 13. Bf4 (13. Neg3 $14) 13... Nc6 14. Bxc7 Qxc7 15. Neg3 Qf4 16. Qc1 Qg4 (16... Qxc1 $15 {stays ahead.} 17. Raxc1 Rad8) 17. h3 $36 {[%mdl 2048] White is in control.} Qg6 18. Nh4 Qh6 19. Qxh6 gxh6 20. Nhf5 h5 21. Rfe1 Ne5 (21... Re6 $16) 22. Nd6 $18 Re7 23. f4 Ng6 24. Rxe7 $1 Nxe7 25. Nxb7 Rb8 26. Nxc5 {b4 is the strong threat.} Rxb2 27. Re1 (27. Rc1 $1 $16) 27... Ng6 28. f5 (28. Rc1 $14) 28... Rxc2 (28... Nf4 $1 $11) 29. fxg6 $16 Rxc5 30. gxf7+ (30. Rf1 $16) 30... Kxf7 $11 {[%mdl 4096] Endgame KRN-KRN} 31. Nf5 Kg6 32. Ne7+ Kf7 33. Nf5 Kg6 34. Re5 Rc1+ 35. Kh2 Rc3 36. Ne7+ Kf7 37. Nxd5 {[#]} (37. d4 $11) 37... Rxd3 $2 {[%mdl 8192]} (37... Rc5 $1 $17 {[%cal Rc5d5]} 38. Re7+ Kf8) 38. Nxf6 $16 Kxf6 39. Rxh5 Rxa3 (39... Kg6 $16 {keeps fighting.} 40. Ra5 Rd7) 40. Rxh7 $11 {KR-KR} a5 {[#]} 41. Ra7 (41. Rh5 $1 $18) 41... a4 $2 {[%mdl 8192] This move loses the game for Black.} (41... Kf5 $16) 42. Ra5 $18 Ra2 43. h4 a3 44. Kg3 Ra1 45. Kg4 Rg1 46. g3 Ra1 47. Ra6+ Kg7 48. Kg5 a2 49. Ra7+ Kf8 50. g4 Kg8 51. h5 Kf8 52. h6 ({Less strong is} 52. Kg6 Rg1 $16) 52... Kg8 53. Kg6 {[%cal Ra7a8] White mates.} Kf8 54. Ra8+ Ke7 55. g5 Kd7 56. h7 {Accuracy: White = 66%, Black = 39%.} 1-0

[Event "147 Stay Safe Play From Home series"]
[Site "T#646013Emanuel Laske"]
[Date "2020.05.13"]
[Round "3"]
[White "Weltszmerc"]
[Black "Greblah"]
[Result "1-0"]
[WhiteElo "2020"]
[BlackElo "1898"]
[PlyCount "135"]
[EventDate "2020.05.13"]
[EventType "swiss (blitz)"]

1. d4 {[%emt 0:00:02]} c6 {[%emt 0:00:00]} 2. c4 {[%emt 0:00:02]} d5 {[%emt 0:00:00]} 3. Nf3 {[%emt 0:00:01]} Nf6 {[%emt 0:00:02]} 4. g3 {[%emt 0:00:01]} Bf5 {[%emt 0:00:11]} 5. Qb3 {[%emt 0:00:03]} Qb6 {[%emt 0:00:02]} 6. c5 {[%emt 0:00:01]} Qxb3 {[%emt 0:00:03]} 7. axb3 {[%emt 0:00:00]} Bxb1 {[%emt 0:00:08]} 8. Rxb1 {[%emt 0:00:01]} Nbd7 {[%emt 0:00:04]} 9. b4 {[%emt 0:00:01]} a6 {[%emt 0:00:01]} 10. Bf4 {[%emt 0:00:03]} Rc8 {[%emt 0:00:06]} 11. h3 {[%emt 0:00:01]} Nh5 {[%emt 0:00:14]} 12. Bd2 {[%emt 0:00:07]} Nhf6 {[%emt 0:00:01]} 13. g4 {[%emt 0:00:01]} Ne4 {[%emt 0:00:01]} 14. Bf4 {[%emt 0:00:15]} f6 {[%emt 0:00:08]} 15. h4 {[%emt 0:00:06]} h5 {[%emt 0:00:04]} 16. g5 {[%emt 0:00:02]} g6 {[%emt 0:00:10]} 17. gxf6 {[%emt 0:00:20]} exf6 {[%emt 0:00:06]} 18. Rg1 {[%emt 0:00:14]} Rg8 {[%emt 0:00:18]} 19. Bh3 {[%emt 0:00:02]} Be7 {[%emt 0:00:33]} 20. Be6 {[%emt 0:00:06]} Rg7 {[%emt 0:00:53]} 21. Bh6 {[%emt 0:00:02]} Rh7 {[%emt 0:00:02]} 22. Rxg6 {[%emt 0:00:02]} Rh8 {[%emt 0:00:07]} 23. e3 {[%emt 0:00:24]} Ra8 {[%emt 0:00:02]} 24. Rg8+ {[%emt 0:00:28]} Rxg8 {[%emt 0:00:11]} 25. Bxg8 {[%emt 0:00:00]} a5 {[%emt 0:00:05]} 26. Ra1 {[%emt 0:00:01]} a4 {[%emt 0:00:01]} 27. Be6 {[%emt 0:00:10]} Nf8 {[%emt 0:00:05]} 28. Bf5 {[%emt 0:00:07]} Kf7 {[%emt 0:00:04]} 29. Ke2 {[%emt 0:00:06]} Ng6 {[%emt 0:00:04]} 30. Rg1 {[%emt 0:00:06]} Nf8 {[%emt 0:00:03]} 31. Nd2 {[%emt 0:00:12]} Nxd2 {[%emt 0:00:05]} 32. Kxd2 {[%emt 0:00:02]} a3 {[%emt 0:00:00]} 33. Ra1 {[%emt 0:00:10]} a2 {[%emt 0:00:02]} 34. Bf4 {[%emt 0:00:11]} Ng6 {[%emt 0:00:03]} 35. Bg3 {[%emt 0:00:02]} Nf8 {[%emt 0:00:05]} 36. Bc2 {[%emt 0:00:02]} f5 {[%emt 0:00:03]} 37. Bxf5 {[%emt 0:00:04]} Ng6 {[%emt 0:00:02]} 38. Bc2 {[%emt 0:00:04]} Nxh4 {[%emt 0:00:03]} 39. Bb3 {[%emt 0:00:01]} Nf3+ {[%emt 0:00:02]} 40. Ke2 {[%emt 0:00:02]} Ng5 {[%emt 0:00:03]} 41. Rxa2 {[%emt 0:00:02]} Rxa2 {[%emt 0:00:02]} 42. Bxa2 {[%emt 0:00:00]} Ne4 {[%emt 0:00:01]} 43. Bf4 {[%emt 0:00:02]} Kf6 {[%emt 0:00:05]} 44. Bb1 {[%emt 0:00:01]} Ng5 {[%emt 0:00:03]} 45. Be5+ {[%emt 0:00:06]} Ke6 {[%emt 0:00:04]} 46. f3 {[%emt 0:00:08]} Nf7 {[%emt 0:00:02]} 47. Bb8 {[%emt 0:00:03]} Bg5 {[%emt 0:00:03]} 48. Kf2 {[%emt 0:00:01]} Bh4+ {[%emt 0:00:01]} 49. Kg2 {[%emt 0:00:01]} Be1 {[%emt 0:00:01]} 50. b5 {[%emt 0:00:02]} cxb5 {[%emt 0:00:02]} 51. Bg6 {[%emt 0:00:03]} Kf6 {[%emt 0:00:01]} 52. Bxh5 {[%emt 0:00:02]} Ng5 {[%emt 0:00:01]} 53. Be5+ {[%emt 0:00:04]} Kf5 {[%emt 0:00:01]} 54. Bg4+ {[%emt 0:00:02]} Kg6 {[%emt 0:00:01]} 55. Bc8 {[%emt 0:00:01]} Bd2 {[%emt 0:00:02]} 56. Kf2 {[%emt 0:00:03]} Bxe3+ {[%emt 0:00:00]} 57. Kxe3 {[%emt 0:00:01]} Nf7 {[%emt 0:00:00]} 58. Bxb7 {[%emt 0:00:02]} b4 {[%emt 0:00:00]} 59. Bxd5 {[%emt 0:00:01]} Kf5 {[%emt 0:00:00]} 60. Bxf7 {[%emt 0:00:01]} b3 {[%emt 0:00:01]} 61. Bxb3 {[%emt 0:00:00]} Kg6 {[%emt 0:00:01]} 62. Bc4 {[%emt 0:00:00]} Kf5 {[%emt 0:00:01]} 63. f4 {[%emt 0:00:00]} Kg6 {[%emt 0:00:01]} 64. Ke4 {[%emt 0:00:00]} Kh7 {[%emt 0:00:01]} 65. b4 {[%emt 0:00:00]} Kg6 {[%emt 0:00:01]} 66. b5 {[%emt 0:00:00]} Kh7 {[%emt 0:00:00]} 67. b6 {[%emt 0:00:00]} Kg6 {[%emt 0:00:00]} 68. c6 {[%emt 0:00:00] (Lag: Av=0.59s, max=0.9s)} 1-0

[Event "147 Stay Safe Play From Home series"]
[Site "T#646013Emanuel Laske"]
[Date "2020.05.13"]
[Round "3"]
[White "Tumnik_ad"]
[Black "Rolf03"]
[Result "1-0"]
[WhiteElo "1858"]
[BlackElo "1860"]
[Annotator "NA"]
[PlyCount "23"]
[EventDate "2020.05.13"]
[EventType "swiss (blitz)"]

1. e4 {[%emt 0:00:56]} e5 {[%emt 0:00:07]} 2. d4 {[%emt 0:00:05]} exd4 {[%emt 0:00:05]} 3. c3 {[%emt 0:00:00]} dxc3 {[%emt 0:00:05]} 4. Bc4 {[%emt 0:00:01]} cxb2 {[%emt 0:00:05]} 5. Bxb2 {[%emt 0:00:00]} d5 {[%emt 0:00:06]} 6. Bxd5 {[%emt 0:00:01]} Nf6 {[%emt 0:00:06]} 7. Bxf7+ {[%emt 0:00:00]} Kxf7 {[%emt 0:00:06]} 8. Qxd8 {[%emt 0:00:00]} c6 {[%emt 0:00:11]} 9. Qd2 {[%emt 0:00:00]} Nxe4 {[%emt 0:00:09]} 10. Qf4+ {[%emt 0:00:02]} Nf6 {[%emt 0:00:05]} 11. Bxf6 {[%emt 0:00:01]} gxf6 {[%emt 0:00:07]} 12. Nf3 {[%emt 0:00:00] Rolf03 gibt auf (Lag: Av=0.28s, max=0.5s)} 1-0